01552nam a22002057a 4500003000900000005001700009008004100026040002800067100004300095245032000138260004100458300002000499502018700519504005300706505035100759700005101110700002601161700003201187830012701219DO-SdBJH20210803150416.0210727b ||||| |||| 00| 0 spa d aDO-SdBJHbspacDO-SdBJH1 aLópez Ventura, Gabrielaesustentante10aLogros alanzados y resultados operacionales de la Dirección de Inteligencia Naval (M-2), en la lucha contra la migración ilegal y otros delitos conexos en la República Dominicana (agosto 2018-octubre 2019) /cGabriela López Ventura, Juan Rafael Rodríguez Nolasco, asesores Feliz Ledesma, Juan Acosta Lucas aSanto Domingo Este :bINSUDE, c2019 av, 71 páginas aTrabajo de grado (Licenciado en Ciencias Navales). -- Instituto Superior para la Defensa (INSUDE). Academia Naval Marina de Guerra “Vicealmirante Cesar D’Windt Lavandier”, 2019 aIncluye referencias bibliográficas e índices aGeneralidades de la inteligencia. -- Origen, evolución y organización de la Dirección de Inteligencia Naval (M-2), ARD. -- Logros alcanzados y resultados operacionales de la Dirección de Inteligencia Naval (M-2), ARD, en la lucha contra la migración ilegal y otros delitos conexos en la República Dominicana (agosto 2018-octubre 2019)1 a Rodríguez Nolasco, Juan Rafaelesustentante1 aFeliz Ledesmaeasesor1 a Acosta Lucas, Juaneasesor aINSUDE. Academia Naval Marina de Guerra “Vicealmirante Cesar D’Windt Lavandier”. Tesis y disertaciones académicas